02423nam a2200361 a 4500001001200000003000800012006001900020007001500039008004100054010001700095020001500112020002200127020001800149020002700167040002100194035002100215050002500236082001400261245013600275246002600411260004400437300002200481504005300503505108800556533015201644650001601796655002901812700003001841700002801871710001701899856012601916999001902042ebr10392774CaPaEBRm u cr cn|||||||||030819s2003 enka sb 001 0 eng  z 2003272739 z0761969071 z076196908X (pbk.) z9780761969075 z9780857026460 (e-book) aCaPaEBRcCaPaEBR a(OCoLC)65007567214aHD30.3b.M348 2003eb04a658.422100aManagement and languageh[electronic resource] :bthe manager as a practical author /c[edited by] David Holman and Richard Thorpe.14aManagement & language aLondon ;aThousand Oaks :bSAGE,c2003. ax, 196 p. :bill. aIncludes bibliographical references and indexes.00gIntroduction:tManagement and language : the manager as a practical author /rDavid J. Holman,rRichard Thorpe --tManagers as practical authors : everyday conversations for action /rJohn Shotter, Ann L. Cunliffe --tUsing narrative and telling stories /rDavid M. Boje --tFull of characters : identity and talk in practical authoring /rDavid J. Holman,rJeff Gold,rRichard Thorpe -- Visual media and the construction of meaning /rRichard Thorpe,rJoep Cornelisson --gThetleader as a practical narrator : leadership as the art of translating /rFrancois Cooren,rGail T. Fairhurst --gThetlogic of message design in organisational argument /rShirley Willihnganz,rJoy L. Hart,rCharles A. Willard --tAuthoring as a collaborative process thought communication /rStanley Deetz --tConversations and the authoring of change /rJeffrey D. Ford,rLaurie W. Ford --tAll in a knot of one anothers' labours : action learning as joint practical authoring/rMike Pedler --gAtcritical conversation between author managers and management authors /rDorothy Lander,rCraig Prichard. aElectronic reproduction.bPalo Alto, Calif. :cebrary,d2013.nAvailable via World Wide Web.nAccess may be limited to ebrary affiliated libraries. 0aManagement. 7aElectronic books.2local1 aHolman, Davidq(David J.)1 aThorpe, Richard,d1951-2 aebrary, Inc.40uhttp://site.ebrary.com/lib/rucke/Doc?id=10392774zAn electronic book accessible through the World Wide Web; click to view c191164d191164